000 01118cam a2200349 4500
999 _c23407
_d23407
001 vtls011985771
005 20221010082224.0
008 210701s2020 xo gr 000 f slo
020 _a9788056906798
_q(viazané)
035 _aurn:nbn:sk:snk-am00ffev
035 _aurn:nbn:sk:snk-am3irst
035 _aF2A92981-14DD-4D6D-A7E4-F3F59BD755C3
040 _aTVZK
_bslo
_dTVZK
_dSNK
_erda
_csk
041 0 _aslo
044 _axo
_cSK
072 7 _a821.162.4-3
_xSlovenská próza
_2konspekt
080 _a821.162.4-32
_22011
100 1 _aKuchtová, Jaroslava,
_d1955-
_4aut
_93630
245 1 0 _aKašlem na život bez lásky
_cJaroslava Kuchtová
250 _a2. vydanie
264 1 _aBratislava
_bMarenčin PT
_c2020
300 _a191 strán
_c21 cm
336 _atext
_btxt
_2rdacontent
337 _abez média
_bn
_2rdamedia
338 _azväzok
_bnc
_2rdacarrier
500 _aObsahuje biografické údaje o autorke
655 7 _aslovenské romány
_2SNKPH
_91694
655 7 _aSlovak fiction
_2SNKPHeng
_91695
958 _aOND
958 _aLX